|
|
|
|
| LEADER |
00000nam0a2200000 4500 |
| 001 |
370205 |
| 005 |
20231102012246.0 |
| 035 |
|
|
|a (RuTPU)RU\TPU\retro\27613
|
| 035 |
|
|
|a RU\TPU\book\33089
|
| 090 |
|
|
|a 370205
|
| 100 |
|
|
|a 20220622d1980 m y0rusy50 ca
|
| 101 |
1 |
|
|a fre
|c rus
|
| 102 |
|
|
|a RU
|
| 105 |
|
|
|a y j 001zy
|
| 200 |
1 |
|
|a Вычислительные основы линейной алгебры
|d Principes numeriques d'algebre lineare
|e [учебное пособие]
|f В. В. Воеводин
|
| 210 |
|
|
|a Москва
|c Мир
|d 1980
|
| 215 |
|
|
|a 272 с.
|
| 300 |
|
|
|a На французском языке
|
| 320 |
|
|
|a Библиогр.: с. 269
|
| 320 |
|
|
|a Предм. указ.: с. 270
|
| 454 |
|
1 |
|0 (RuTPU)RU\TPU\book\33089
|t Вычислительные основы линейной алгебры
|o учебное пособие
|f В. В. Воеводин
|c Москва
|n Наука
|d 1977
|p 303 с.
|a Воеводин, Валентин Васильевич
|
| 510 |
1 |
|
|a Principes numeriques d'algebre lineare
|z fre
|
| 606 |
1 |
|
|a Линейная алгебра
|2 stltpush
|3 (RuTPU)RU\TPU\subj\40174
|9 60039
|
| 610 |
1 |
|
|a математика
|
| 610 |
1 |
|
|a алгебра
|
| 610 |
1 |
|
|a вычислительные методы
|
| 610 |
1 |
|
|a возмущений теория
|
| 610 |
1 |
|
|a машинная арифметика
|
| 610 |
1 |
|
|a множители
|
| 610 |
1 |
|
|a матрицы
|
| 610 |
1 |
|
|a разложение
|
| 610 |
1 |
|
|a алгебраические уравнения
|
| 610 |
1 |
|
|a решения
|
| 610 |
1 |
|
|a собственные значения
|
| 610 |
1 |
|
|a учебные пособия
|
| 610 |
1 |
|
|a французский язык
|
| 675 |
|
|
|a 512.64(075.8)
|v 3
|
| 700 |
|
1 |
|a Воеводин
|b В. В.
|g Валентин Васильевич
|
| 801 |
|
0 |
|a RU
|b 63413507
|c 20011210
|g PSBO
|
| 801 |
|
2 |
|a RU
|b 63413507
|c 20220622
|g PSBO
|
| 942 |
|
|
|c BK
|